1940s Celebrity Field Guide Quiz Stats

 Plays Quiz Updated Jun 28, 2017

Support Sporcle.
Go Orange.
Score 0/24 Timer 05:00
3 Plays Today
% Correct
Jimmy Stewart
90.4%
Nat King Cole
90.2%
Lou Costello
89.3%
Humphrey Bogart
89%
Joe Louis
88.7%
Katharine Hepburn
87.6%
Bing Crosby
87.6%
Duke Ellington
87%
Lauren Bacall
86%
Ella Fitzgerald
85.9%
Gene Autry
85.9%
Bette Davis
85.5%
% Correct
Édith Piaf
82.9%
Billie Holiday
82.3%
Orson Welles
81.9%
Peter Lorre
79.3%
Spencer Tracy
78.8%
Ingrid Bergman
78.7%
Glenn Miller
75.9%
Rita Hayworth
74.7%
Maxene Andrews
73.4%
Joseph Cotten
71.2%
Hedy Lamarr
69.7%
Sydney Greenstreet
67.3%

You're not logged in!

Compare scores with friends on all Sporcle quizzes.
OR
Log In
Forgot?

From the Vault

Single Letter Elements

by Derek

If you mastered the Periodic Table of Elements then this quiz should be easy, if you haven't then, well, it might be a tad harder.
Remove Ads.
Support Sporcle.
Get the best of Sporcle when you Go Orange. This ad-free experience offers more features, more stats, and more fun while also helping to support Sporcle. Thank you for becoming a member.

Show Comments

Extras

Top Quizzes Today


Score Distribution

Your Account Isn't Verified!

In order to create a playlist on Sporcle, you need to verify the email address you used during registration. Go to your Sporcle Settings to finish the process.

Report this User

Report this user for behavior that violates our Community Guidelines.

Details: